| 000 | 00642nam a2200181Ia 4500 | ||
|---|---|---|---|
| 008 | 151018s9999 xx 000 0 und d | ||
| 082 |
_bRBASDV360 _a891.463 |
||
| 100 | _aहरी नारायण आपटे | ||
| 245 | _aकेवळ स्वराज्यासाठी | ||
| 250 | _b3 | ||
| 260 |
_bअ वि पटवर्धन _c1927 |
||
| 300 | _a352 | ||
| 600 | _aहरी नारायण आपटे | ||
| 630 | _aकेवळ स्वराज्यासाठी | ||
| 700 | _aहरी नारायण आपटे | ||
| 730 | _aकेवळ स्वराज्यासाठी | ||
| 942 | _cBOOK | ||
| 999 |
_c1002830 _d1002827 |
||